000 00308 a2200157 4500
001 65370
020 _a8573590807
040 _cAnchieta - Pituba
100 _aGambini, Roberto
240 1 0 _aOutros 500
_l
245 1 0 _aOutros 500
300 _a228
362 0 _a1999
650 4 _aBrasil
942 _cBK
999 _c65370
_d65370